Visualizzazione normale
Vista MARC
- Ellington Duke
di Personal Name
Records bibliografici associati: 1
001 - CONTROL NUMBER
- control field: 22037
003 - CONTROL NUMBER IDENTIFIER
- control field: IT-RoPau
005 - DATE AND TIME OF LATEST TRANSACTION
- control field: 20140425115325.0
008 - FIXED-LENGTH DATA ELEMENTS
- fixed length control field: 140425|| aca||aabn | a|a d
040 ## - CATALOGING SOURCE
- Original cataloging agency: IT-RoPau
- Transcribing agency: IT-RoPau
100 ## - HEADING--PERSONAL NAME
- Personal name: Ellington Duke
- Miscellaneous information: Codice autore musica SPICS: 13023
- Relator term: Autore musica
- Name of part/section of a work: I Didn't Know About You
670 ## - SOURCE DATA FOUND
- Source citation: Work cat.: (IT-RoPau)101073: AA.VV. 794, Jazz. Gli uomini, gli strumenti, gli stili 94